Política de sustitución de importaciones en El Salvador /
Estudia la política de sustitución de importaciones en El Salvador, con respecto al desarrollo industrial. Analiza la evolución de la economía en el período 1955-1973, observando la forma en que se comportaron distintos indicadores de la situación económica para los sectores agrícola, industrial y e...
Guardado en:
| Autor principal: | |
|---|---|
| Formato: | Tesis |
| Publicado: |
San Salvador:
Universidad Centroamericana José Simeón Cañas
|
| Materias: | |
| Etiquetas: |
Agregar Etiqueta
Sin Etiquetas, Sea el primero en etiquetar este registro!
|
MARC
| LEADER | 00000 a a2200000 04500 | ||
|---|---|---|---|
| 001 | 20089 | ||
| 003 | |||
| 040 | |a CRAI/IIS |c CRAI/IIS | ||
| 090 | |a 08255.00 | ||
| 100 | |a Siliezar, Rosa Aida | ||
| 245 | |a Política de sustitución de importaciones en El Salvador / |c Rosa Aida Siliezar | ||
| 260 | |a San Salvador: |b Universidad Centroamericana José Simeón Cañas | ||
| 300 | |a 114 páginas | ||
| 502 | |a Tesis (Licenciada en Economía) -- Universidad Centroamericana José Simeón Cañas. Facultad de Ciencias Económicas. Escuela de Economía, 1975 | ||
| 520 | |a Estudia la política de sustitución de importaciones en El Salvador, con respecto al desarrollo industrial. Analiza la evolución de la economía en el período 1955-1973, observando la forma en que se comportaron distintos indicadores de la situación económica para los sectores agrícola, industrial y externo. El período señalado se divide en tres etapas: 1955-1960 antes de la creación del MCCA, 1961-1968 auge del MCCA y 1969-1972 efectos del deterioro de la política de integración. Señala la participación del Estado en el progreso sustitutivo y evalua la importancia de dicha política en el crecimiento del sector industrial./ACM | ||
| 650 | |a EL SALVADOR | ||
| 650 | |a SUSTITUCION DE IMPORTACIONES | ||
| 650 | |a DESARROLLO INDUSTRIAL | ||
| 650 | |a SECTOR INDUSTRIAL | ||
| 650 | |a POLITICA DE INDUSTRIALIZACION | ||
| 999 | |c 18066 |d 18066 | ||
